France : Les arrêts du TER Tours - Chinon/Loches - Statistiques

Statistiques générales
  • Ce quiz a été pris 6 fois
  • Le résultat moyen est 7 sur 13
Statistiques - réponses
Réponse % Correct
Joué-les-Tours
100%
Druye
80%
Azay-le-Rideau
60%
Ballan-Miré
60%
Cormery
60%
Esvres-sur-Indre
60%
Montbazon
60%
Rivarennes
60%
Veigné
60%
Chambourg-sur-Indre
40%
Courçay-Tauxigny
20%
La Douzillère
20%
Reignac-sur-Indre
20%
Aucun quiz correspondant
Distribution des résultats
% des personnes avec chaque résultat
Percentile par nombre de réponses
Votre historique - résultats
Vous n’avez pas pris ce quiz